[Event "FRG-ch"]
[Site "Bad Neuenahr"]
[Date "1982.??.??"]
[Round "?"]
[White "Lau, Ralf"]
[Black "Bastian, Herbert"]
[Result "0-1"]
[WhiteElo "2415"]
[BlackElo "2360"]

1.d4 Nf6 2.c4 g6 3.Nf3 Bg7 4.g3 O-O 5.Bg2 d6 6.Nc3 Nc6 7.O-O Rb8 8.d5 Na5
9.Nd2 c5 10.Qc2 e6 11.dxe6 Bxe6 12.b3 d5 13.cxd5 Nxd5 14.Bb2 Nb4 15.Qc1 Nac6
16.Kh1 Nd4 17.Rb1 b6 18.a3 Rc8 19.Qd1 Nbc6 20.e3 Nf5 21.Qe2 Ne5 22.Nc4 Bxc4
23.bxc4 Qd3 24.Bd5 Nd6 25.Qxd3 Nxd3 26.Nb5 Nxb2 27.Nxd6 Rcd8 28.Nb5 Rd7 29.Rfc1 Rc8
30.Be4 Rd2 31.Nxa7 Rcd8 32.Kg1 Nd1 33.Bd5 Nxf2 34.Rf1 Nh3+ 35.Kh1 Rd7 36.Nc6 Nf2+
37.Kg1 Ng4 38.Rxb6 Bh6 39.Rb3 Bxe3+ 40.Rxe3 Nxe3 41.Re1 Nxd5 42.cxd5 Kf8  0-1

[Event "Baile Herculane zt"]
[Site "Baile Herculane"]
[Date "1982.??.??"]
[Round "20"]
[White "Suba, Mihai"]
[Black "Ghinda, Mihail Viorel"]
[Result "1-0"]
[WhiteElo "2500"]
[BlackElo "2425"]

1.c4 g6 2.d4 Nf6 3.Nf3 Bg7 4.g3 O-O 5.Bg2 d6 6.O-O c6 7.Nc3 Nbd7 8.e4 e5
9.h3 Re8 10.Be3 a5 11.Qc2 exd4 12.Nxd4 Nc5 13.Rad1 Qe7 14.Rfe1 Bd7 15.f3 Rad8
16.Bf2 Bc8 17.a3 Qc7 18.f4 h5 19.b4 axb4 20.axb4 Ne6 21.Nf3 Nf8 22.Na4 N8d7
23.Re2 Qb8 24.b5 Bf8 25.Nh4 cxb5 26.cxb5 b6 27.Bd4 Bb7 28.Nxb6 Nxb6 29.Bxf6 Rc8
30.Qd3 Nd7 31.Bb2 Be7 32.Qd4 Bf6 33.Qxd6 Bxb2 34.Rxb2 Qa8 35.Nxg6  1-0

[Event "Beersheba"]
[Site "Beersheba"]
[Date "1982.??.??"]
[Round "4"]
[White "Birnboim, Nathan"]
[Black "Gurevich, Dmitry"]
[Result "1/2-1/2"]
[WhiteElo "2460"]
[BlackElo "2470"]

1.d4 Nf6 2.c4 g6 3.Nf3 Bg7 4.g3 O-O 5.Bg2 d6 6.O-O Nc6 7.Nc3 a6 8.d5 Na5
9.Nd2 c5 10.Qc2 Rb8 11.b3 b5 12.Bb2 e6 13.dxe6 Bxe6 14.cxb5 axb5 15.Nce4 Nd5
16.Bxg7 Kxg7 17.Qb2+ f6 18.Rfd1 Qe7 19.Nf1 Rbd8 20.Rd2 Nb4 21.Qc3 Nbc6 22.Rad1 b4
23.Qe3 Nd4 24.Rxd4 cxd4 25.Qxd4 d5 26.Nc5 Nc6 27.Nxe6+ Qxe6 28.Qc5 Qd6 29.Qb5 Ne7
30.Ne3 Ra8 31.Rd2 Rab8 32.Qd3 Qe5 33.Nxd5 Nxd5 34.Bxd5 Rbc8 35.Bc4 Rfd8 36.Qxd8 Rxd8
37.Rxd8 h5 38.h4 f5 39.Rd7+ Kh8 40.Rd5 Qe4 41.Rb5 Qb1+ 42.Kg2 Qe4+ 43.f3 Qe7
44.Rb8+ Kg7 45.Rb6 Qc5 46.Rb7+ Kh8 47.Rb8+ Kg7 48.Rg8+ Kh7 49.Ra8 Kg7 50.Rg8+ Kh7
51.Rd8 Kg7 52.Rd7+ Kh8 53.Bd3 Qa5 54.Rd4 Qb6 55.Rd5 Qa7 56.Rb5 Qe7 57.Ra5 Kg7
58.Bc4 Qc7 59.Rd5 Qa7 60.Rd2 Qe7 61.Bb5 Qc5 62.Rd7+ Kh8 63.Bd3 Qa5 64.Rd4 Qb6
65.Rc4 Qd6 66.g4 hxg4 67.fxg4 Qd5+ 68.Kf2 Kg7 69.gxf5 gxf5 70.Ke1 Qe5 71.Kd2 Qd6
72.Kc2 Kf6 73.Rc8 f4 74.Rc4 Kg7 75.Be4 Qa6 76.Kb1 Qd6 77.Kc1 Qe5 78.Kd2 Qd6+
79.Ke1 Qe7 80.Kf1 Qxh4 81.Rxb4 Qh3+ 82.Bg2 Qc3 83.Rb7+ Kf6 84.Bf3 Qa1+ 85.Kg2 Qxa2
86.Kh3 Qb1 87.Rb6+ Ke5 88.Kg2 Qh7 89.b4 Qg7+ 90.Kf1 Qc7 91.Rb5+ Kd6 92.Rb7 Qd8
93.Rb5 Qc7 94.Rd5+ Ke6 95.b5 Qc1+ 96.Kg2 Qb1 97.Rg5 Ke7 98.Rh5 Kd8 99.Re5 Qb2
100.Rg5 Kc7 101.Kh3 Kb6 102.Kg4 Qd2 103.Re5 Qd4 104.Kf5 Qb4 105.Bh5 Qf8+
106.Ke4 Qb4+ 107.Kf3 Qd4 108.Re6+ Kxb5 109.Be8+ Ka5 110.Re4 Qc3+ 111.Kxf4 Qf6+
112.Kg4 Qg7+ 113.Kf5 Qf8+ 114.Kg6 Qg8+ 115.Kf6 Qh8+ 116.Kg5 Qg8+ 117.Bg6 Kb6
118.Re8 Qd5+ 119.Bf5 Qg2+ 120.Kf6 Qh2 121.e4 Qh4+ 122.Kf7 Qh5+ 123.Bg6 Qf3+
124.Kg7 Qc3+ 125.e5 Kc7 126.Kf6 Qd4 127.Re7+ Kd8 128.Rh7 Qb6+ 129.e6 Qd4+
130.Kf7 Qf4+ 131.Kg8 Qd6 132.Bf5 Ke8 133.Rf7 Qe5 134.Bg4 Qe4 135.Rg7 Qe5
136.Rh7 Kd8 137.Rf7 Ke8 138.Bf5 Qh2 139.Kg7 Qe5+  1/2-1/2

[Event "Beersheba"]
[Site "Beersheba"]
[Date "1982.??.??"]
[Round "11"]
[White "Birnboim, Nathan"]
[Black "Liberzon, Vladimir M"]
[Result "1-0"]
[WhiteElo "2460"]
[BlackElo "2465"]

1.d4 Nf6 2.c4 g6 3.g3 Bg7 4.Bg2 O-O 5.Nf3 d6 6.O-O Nbd7 7.Nc3 e5 8.Qc2 Re8
9.Rd1 c6 10.e4 Qe7 11.Rb1 a5 12.b3 exd4 13.Nxd4 Nc5 14.f3 Nfd7 15.a3 Nb6
16.Bf1 d5 17.cxd5 cxd5 18.b4 Ne6 19.Nxe6 fxe6 20.Be3 axb4 21.axb4 Qc7 22.Bc5 Bd7
23.exd5 Nxd5 24.Nxd5 exd5 25.Rxd5 Be6 26.Rd6 Ra2 27.Qd1 Qf7 28.f4 Bf8 29.Rd2 Bxc5+
30.bxc5 Rxd2 31.Qxd2 Qf5 32.Rc1 Bd5 33.Kf2 Kf8 34.Qd4 Qe4 35.Qxe4 Rxe4 36.Bg2 Rd4
37.Ke3  1-0

[Event "DSV-Turnier"]
[Site "Berlin-Ost"]
[Date "1982.??.??"]
[Round "4"]
[White "Boensch, Uwe"]
[Black "Ghitescu, Theodor"]
[Result "1-0"]
[WhiteElo "2450"]
[BlackElo "2425"]

1.d4 Nf6 2.Nf3 g6 3.c4 Bg7 4.g3 O-O 5.Bg2 d6 6.O-O Nc6 7.Nc3 Bg4 8.Be3 Bxf3
9.Bxf3 Nd7 10.Bxc6 bxc6 11.Qa4 e5 12.Rad1 exd4 13.Bxd4 Bxd4 14.Rxd4 c5 15.Rd2 Nb6
16.Qb3 Rb8 17.Nd1 Re8 18.Qc3 Qe7 19.b3 f5 20.Ne3 Qg7 21.Qa5 Ra8 22.Rfd1 Re4
23.Ng2 Qe7 24.e3 g5 25.Rc2 Qf7 26.Rf1 Re7 27.f3 Qg6 28.Rcf2 Qg7 29.Kh1 Rf7
30.Re2 Re7 31.Ne1 Qf7 32.Nd3 Qe8 33.Qd2 h6 34.Kg1 Qc6 35.e4 Rae8 36.Rfe1 fxe4
37.Nf2 e3 38.Rxe3 Rxe3 39.Rxe3 Rxe3 40.Qxe3 d5 41.Ng4 Qd6 42.Qe8+ Kg7 43.Ne5  1-0

[Event "HUN-ch"]
[Site "Budapest"]
[Date "1982.??.??"]
[Round "?"]
[White "Sinkovics, Peter"]
[Black "Perenyi, Bela"]
[Result "1-0"]
[WhiteElo "2270"]
[BlackElo "2375"]

1.Nf3 g6 2.d4 Nf6 3.g3 Bg7 4.Bg2 O-O 5.c4 d6 6.Nc3 Nc6 7.O-O Rb8 8.d5 Na5
9.Nd2 c5 10.Qc2 e5 11.dxe6 Bxe6 12.Nd5 b5 13.Nxf6+ Qxf6 14.Ne4 Qe7 15.cxb5 Rxb5
16.Bg5 f6 17.Bf4 Rb6 18.Rad1 Nc4 19.b3 Na3 20.Bxd6 Qxd6 21.Qc1 Qb8 22.Qxa3 Rc8
23.Nxc5 Bf8 24.b4 Bf5 25.Nd7 Bxd7 26.Rxd7 Rc7 27.Qb3+ Kh8 28.Rfd1 Rxd7 29.Rxd7 Rd6
30.Rb7 Qe8 31.Bf3 a6 32.e3 Rd2 33.a4 g5 34.Ra7 Rd6 35.Qc2 Be7 36.Qc7 g4 37.Bxg4  1-0

[Event "Elekes mem-B"]
[Site "Budapest"]
[Date "1982.??.??"]
[Round "?"]
[White "Navarovszky, Laszlo"]
[Black "Waldmann, Ivan"]
[Result "1/2-1/2"]
[WhiteElo "2360"]
[BlackElo "2260"]

1.d4 Nf6 2.c4 g6 3.Nf3 Bg7 4.g3 d6 5.Bg2 O-O 6.O-O Nc6 7.Nc3 a6 8.d5 Na5
9.Nd2 c5 10.Qc2 Rb8 11.b3 b5 12.Bb2 bxc4 13.bxc4 Bh6 14.Ncb1 e5 15.Bc3 Bd7
16.Na3 Qc7 17.Rab1 Nh5 18.Rxb8 Rxb8 19.Rb1 Rxb1+ 20.Naxb1 Bg7 21.Qb2 Qb7
22.Qxb7  1/2-1/2

[Event "New Delhi"]
[Site "Delhi"]
[Date "1982.??.??"]
[Round "5"]
[White "Nasir Ali, Syed"]
[Black "Koshy, Varugeese"]
[Result "0-1"]
[WhiteElo "2375"]
[BlackElo "2380"]

1.Nf3 g6 2.g3 Bg7 3.Bg2 Nf6 4.d4 O-O 5.c4 d6 6.O-O Nbd7 7.Nc3 e5 8.e4 c6
9.d5 Nc5 10.Qc2 a5 11.h3 Ne8 12.Bg5 f6 13.Be3 Na6 14.dxc6 bxc6 15.c5 Be6
16.Rfd1 Qe7 17.Na4 d5 18.exd5 cxd5 19.a3 Rb8 20.Nb6 Nec7 21.Rac1 Rfd8 22.Nh4 Bf8
23.Qb1 d4 24.Bd2 Nxc5 25.Bxa5 Nb3 26.Bb4 Qf7 27.Rc6 Bxb4 28.axb4 d3 29.Na4 Rxb4
30.Rxd3 Nd4 31.Rxd4 Rbxd4 32.Nc3 Nb5 33.Nxb5 Rd1+ 34.Qxd1 Rxd1+ 35.Kh2 Rd2
36.Kg1 Rxb2 37.Nc7 Ba2 38.Na6 Rd2 39.Bf3 Rd8 40.Nc5 Bb3 41.Ng2 f5 42.Ne3 e4
43.Be2 Kh8  0-1

[Event "Halle-Buna"]
[Site "Halle"]
[Date "1982.??.??"]
[Round "2"]
[White "Malich, Burkhard"]
[Black "Gross, Stefan"]
[Result "1/2-1/2"]
[WhiteElo "2435"]
[BlackElo "2405"]

1.d4 Nf6 2.c4 g6 3.Nf3 Bg7 4.g3 O-O 5.Bg2 d6 6.O-O Nbd7 7.b3 c5 8.Bb2 Rb8
9.Nc3 a6 10.e4 cxd4 11.Nxd4 Ne5 12.h3 Bd7 13.Rc1 Nc6 14.Nde2 Ne8 15.Qd2 b5
16.cxb5 axb5 17.Nd5 e6 18.Bxg7 Kxg7 19.Ne3 Qa5 20.Qb2+ f6 21.Rfd1 Qb6 22.Nd4 Nxd4
23.Rxd4 Rf7 24.Rd2 Rc8 25.Rcd1 Bc6 26.Nc2 Rfc7 27.Nb4 Bb7 28.Rd3 Qc5 29.Qd2 h5
30.h4 Qe5 31.f4 Qc5+ 32.Kh2 f5 33.e5 d5 34.Rd4 Qb6 35.Bf1 Rc3 36.Bc4 R3xc4
37.bxc4 bxc4 38.Nc2 Nc7 39.Qb4 Qxb4 40.Nxb4 Ra8 41.Rb1 Nb5 42.Rd2 Na3 43.Rc1 Kf8
44.Kg1 Ke8 45.Kf2 Kd7 46.Ke3 Kc7 47.Rb2 Ra5 48.Nd3 d4+ 49.Kxd4 Rd5+ 50.Kc3 cxd3
51.Kd2+ Nc2 52.Rcb1 Bc6 53.Rb3 Nd4 54.Rc3 Ne2 55.Rc4 Nxg3 56.Rbc1 Ne4+ 57.Kd1 d2
58.Rxc6+ Kb7 59.Rc7+ Kb6 60.R7c6+ Kb5 61.a4+ Ka5 62.Rb1 Nf2+ 63.Ke2 d1=Q+
64.Rxd1 Nxd1 65.Rxe6 Rd4 66.Rc6 Kxa4 67.Kf3 Rd3+ 68.Ke2 Rd4 69.Kf3  1/2-1/2

[Event "Halle-Buna"]
[Site "Halle"]
[Date "1982.??.??"]
[Round "3"]
[White "Schoeneberg, Manfred"]
[Black "Portisch, Ferenc"]
[Result "1/2-1/2"]
[WhiteElo "2375"]
[BlackElo "2435"]

1.Nf3 Nf6 2.c4 g6 3.d4 Bg7 4.g3 O-O 5.Bg2 d6 6.O-O Nbd7 7.Qc2 e5 8.Rd1 Qe7
9.dxe5 Nxe5 10.Nxe5 dxe5 11.b3 Bf5 12.e4 Bg4 13.f3 Qc5+ 14.Qf2 Qxf2+ 15.Kxf2 Be6
16.Nc3 Rfd8 17.Be3 c6 18.Rxd8+ Rxd8 19.Bxa7 Rd2+ 20.Ne2 Bf8 21.Be3 Rd8 22.Nc1 Nd7
23.Nd3 Ra8 24.f4 f6 25.a4 Kf7 26.Ke2 Ke8 27.fxe5 Nxe5 28.Nxe5 fxe5 29.Bb6 Bb4
30.Kd3 Kd7 31.Kc2 Rf8 32.Rd1+ Ke7 33.Be3 h6 34.Rf1 Rxf1 35.Bxf1 g5 36.Be2 c5
37.h4 Kf6 38.hxg5+ hxg5 39.Bd2 Bxd2 40.Kxd2 Ke7 41.a5 Kd6 42.Bh5 b6 43.a6 Kc7
44.Ke3 Kb8 45.Kf3 Ka7 46.Bg6 b5 47.cxb5 Bxb3 48.Ke3 Bc4 49.Be8 Kb6 50.Kd2 Bf1
51.Kc3 Be2 52.Bc6 Bf1 53.Bd7 Be2 54.Kb3 Bf1 55.Bc6 Be2 56.Kc2 Bc4 57.Kd2  1/2-1/2

[Event "Halle-Buna"]
[Site "Halle"]
[Date "1982.??.??"]
[Round "7"]
[White "Szekely, Peter"]
[Black "Knaak, Rainer"]
[Result "1-0"]
[WhiteElo "2430"]
[BlackElo "2505"]

1.Nf3 Nf6 2.c4 d6 3.d4 g6 4.g3 Bg7 5.Bg2 O-O 6.Nc3 Nbd7 7.O-O e5 8.h3 a6
9.b3 Re8 10.dxe5 dxe5 11.e4 c6 12.Qc2 b5 13.Rd1 Bf8 14.cxb5 axb5 15.Be3 Bb7
16.a4 b4 17.Nb1 c5 18.Nbd2 Qe7 19.Ne1 Nh5 20.Nc4 Ra6 21.Rd2 Ndf6 22.Rad1 Qc7
23.Kh2 Nf4 24.Bxf4 exf4 25.e5 fxg3+ 26.fxg3 Bxg2 27.Nxg2 Rxe5 28.Nxe5 Qxe5
29.Re2 Qb8 30.Qc4 Rd6 31.Rxd6 Bxd6 32.Nf4 g5 33.Nd5 Bxg3+ 34.Kg1 Be5 35.Qxc5 Kg7
36.Ne7 Bh2+ 37.Rxh2 Qg3+ 38.Rg2 Qe1+ 39.Kh2 Ng4+ 40.Rxg4  1-0

[Event "Havana"]
[Site "Havana"]
[Date "1982.??.??"]
[Round "3"]
[White "Garcia Martinez, Silvino"]
[Black "Zapata, Alonso"]
[Result "1/2-1/2"]
[WhiteElo "2425"]
[BlackElo "2435"]

1.d4 Nf6 2.c4 g6 3.Nf3 Bg7 4.g3 d6 5.Bg2 O-O 6.O-O Nc6 7.Nc3 a6 8.Nd5 Ne4
9.Ne3 f5 10.d5 Na5 11.Nd2 Ng5 12.f4 Nf7 13.Rb1 c5 14.b3 b5 15.Bb2 Bxb2 16.Rxb2 Rb8
17.Qc2 e5 18.dxe6 Bxe6 19.Rbb1 Qf6 20.Nd5 Qg7 21.Qd3 Nd8 22.e4 Ndc6 23.Rbe1 bxc4
24.Nxc4 Nxc4 25.Qxc4 fxe4 26.Rxe4 Nd4 27.Re3 Kh8 28.Qxa6 Bxd5 29.Bxd5 Nc2
30.Re4 Rbe8 31.Qe2 Qd4+ 32.Rf2 Rxe4 33.Qxe4 Qd1+ 34.Rf1 Qd2 35.Rf2 Qd1+ 36.Rf1 Qd2
37.a4 Rf5 38.Qe8+ Kg7 39.Qe7+ Kh8 40.Qe8+ Kg7 41.Qe7+ Kh8 42.Bf7 Qe3+ 43.Qxe3 Nxe3
44.Re1 Rxf7 45.Rxe3 Ra7 46.Rc3 Kg7 47.Rd3 c4 48.bxc4 Rxa4 49.Rxd6 Rxc4 50.Rd7+ Kg8
51.Kg2 Rc2+ 52.Kh3 Rf2  1/2-1/2

[Event "URS-ch sf"]
[Site "Ivano Frankovsk"]
[Date "1982.??.??"]
[Round "?"]
[White "Dorfman, Josif D"]
[Black "Gorelov, Sergey G"]
[Result "1/2-1/2"]
[WhiteElo "2510"]
[BlackElo "2470"]

1.d4 Nf6 2.c4 g6 3.g3 Bg7 4.Bg2 d6 5.Nf3 O-O 6.O-O c5 7.Nbd2 cxd4 8.Nxd4 d5
9.cxd5 Nxd5 10.N2b3 Nc6 11.Nxc6 bxc6 12.Qc2 Qb6 13.Bg5 a5 14.Rab1 h6 15.Bd2 Bg4
16.Qc4 Be6 17.Qa4 Rfb8 18.Nxa5 Nc3 19.Bxc3 Bxc3 20.b4 Bxa2 21.Qxc6 Qxc6 22.Nxc6 Bxb1
23.Rxb1 Rb7 24.Nxe7+ Rxe7 25.Bxa8 Rxe2 26.Kf1 Rb2 27.Rxb2 Bxb2 28.Ke2 Bd4
29.g4 f5 30.h3 Kf7 31.gxf5 gxf5 32.f3 Kf6 33.Kd3 Bg1 34.Kc4 Ke5 35.Bc6 Bf2
36.Kb5 Kd6 37.Be8 f4 38.Kc4 Ke5 39.Kd3 Bb6 40.b5 Kd5 41.Ke2 Bd8  1/2-1/2

[Event "Luzern ol (Men)"]
[Site "Luzern"]
[Date "1982.??.??"]
[Round "2"]
[White "Smejkal, Jan"]
[Black "McNab, Colin Anderson"]
[Result "1-0"]
[WhiteElo "2565"]
[BlackElo "2360"]

1.Nf3 Nf6 2.c4 g6 3.d4 Bg7 4.g3 O-O 5.Bg2 d6 6.O-O Nbd7 7.Nc3 e5 8.e4 c6
9.b3 Re8 10.h3 exd4 11.Nxd4 Nc5 12.Re1 a5 13.Rb1 Nfd7 14.Be3 Ne5 15.Qc2 a4
16.Red1 axb3 17.axb3 Qe7 18.f4 Ned7 19.Bf2 Ne6 20.Nde2 Rd8 21.Rd2 Nb8 22.Na4 Ra6
23.Rbd1 Bf8 24.b4 Nc7 25.Nb6 Na8 26.Nxa8 Rxa8 27.e5 Bf5 28.Qb2 d5 29.Bc5 Qc7
30.Bxf8 Rxf8 31.cxd5 cxd5 32.Nc3 Qb6+ 33.Kh2 Be6 34.Nxd5 Nc6  1-0

[Event "Marbella zt-B"]
[Site "Marbella"]
[Date "1982.??.??"]
[Round "9"]
[White "Blow, R."]
[Black "Sanz Alonso, Francisco Javier"]
[Result "0-1"]
[WhiteElo "2205"]
[BlackElo "2355"]

1.d4 Nf6 2.Nf3 g6 3.g3 Bg7 4.Bg2 O-O 5.c4 d6 6.O-O Nc6 7.Nc3 a6 8.b3 Rb8
9.a4 a5 10.Bb2 Bf5 11.d5 Nb4 12.Nd4 Bd7 13.Qd2 e5 14.Ndb5 Nh5 15.e3 f5 16.Ne2 Nf6
17.f3 b6 18.Nbc3 Bc8 19.e4 Nd7 20.exf5 gxf5 21.Nd1 Nc5 22.Nc1 f4 23.Bc3 Nba6
24.Ra2 Bf5 25.Nf2 Bh6 26.g4 Bd7 27.Qd1 Qh4 28.Be1 Qg5 29.Re2 Rbe8 30.Kh1 e4
31.Nxe4 Nxe4 32.h4 Qg6 33.Rxe4 Rxe4 34.fxe4 f3 35.Bxf3 Bxg4 36.Nd3 Qxe4 37.Kg2 Qf5
38.Bxg4 Qxf1+ 39.Kh2 Nc5 40.Nxc5 Bf4+ 41.Bg3 Qf2+ 42.Kh1 Qxg3  0-1

[Event "Minsk"]
[Site "Minsk"]
[Date "1982.??.??"]
[Round "?"]
[White "Mochalov, Evgeny V"]
[Black "Balashov, Yuri S"]
[Result "1/2-1/2"]
[WhiteElo "2435"]
[BlackElo "2595"]

1.d4 Nf6 2.Nf3 g6 3.g3 Bg7 4.Bg2 O-O 5.c4 d6 6.Nc3 Nc6 7.O-O Bd7 8.h3 Qc8
9.Kh2 Re8 10.e3 a6 11.Bd2 e5 12.d5 Na5 13.b3 b5 14.Qe2 b4 15.Na4 Rb8 16.Rab1 c5
17.dxc6 Bxc6 18.Nb2 Ne4 19.Nd3 Nxd2 20.Nxd2 e4 21.Nf4 Nb7 22.f3 Nc5 23.Nxe4 Nxe4
24.fxe4 Bxe4 25.Bxe4 Rxe4 26.Qd3 Qe8 27.Rbe1 Qe5 28.Nd5 Re8 29.Rf4 a5 30.Rxe4 Qxe4
31.Qxe4 Rxe4 32.Kg2 h5 33.Kf3 Re5 34.g4 hxg4+  1/2-1/2

[Event "NZD-ch"]
[Site "NZL"]
[Date "1982.??.??"]
[Round "?"]
[White "Garbett, Paul Anthony"]
[Black "Smith, Robert W"]
[Result "1/2-1/2"]
[WhiteElo "2320"]
[BlackElo "2225"]

1.Nf3 g6 2.d4 Bg7 3.c4 Nf6 4.g3 O-O 5.Bg2 d6 6.O-O Nbd7 7.Qc2 c6 8.Rd1 Qc7
9.Nc3 a6 10.e4 e5 11.b3 Rd8 12.dxe5 Nxe5 13.Nxe5 dxe5 14.Rxd8+ Qxd8 15.Be3 Be6
16.Na4 Nd7 17.Rd1 Qe7 18.Qc3 Rd8 19.Qa5 Bf6 20.Rd2 Nf8 21.Bc5 Rxd2 22.Qxd2 Qd8
23.Qd6 Qxd6 24.Bxd6 Nd7 25.Kf1 Bg7 26.c5 Bf8 27.Bxf8 Kxf8 28.Ke2 f5 29.Bh3 Ke7
30.Bg2 Nf6 31.f3 fxe4 32.fxe4 Nd7 33.Kd2 g5 34.Bf3 Bh3 35.b4 Be6 36.a3 Bb3
37.Nb2 a5 38.Bg4 axb4 39.axb4 Be6 40.Bxe6 Kxe6 41.Nc4 Nf6 42.Kd3 Ng4 43.h4 gxh4
44.gxh4 Nf2+ 45.Ke3 Nd1+ 46.Kf3 Nc3  1/2-1/2

[Event "Pamporovo"]
[Site "Pamporovo"]
[Date "1982.??.??"]
[Round "9"]
[White "Padevsky, Nikola"]
[Black "Tatai, Stefano"]
[Result "1-0"]
[WhiteElo "2435"]
[BlackElo "2440"]

1.d4 Nf6 2.c4 g6 3.Nf3 Bg7 4.g3 O-O 5.Bg2 d6 6.O-O Nbd7 7.Nc3 e5 8.e4 c6
9.h3 Re8 10.Re1 a5 11.Be3 exd4 12.Nxd4 Nc5 13.Qc2 a4 14.Rab1 Nh5 15.Rbd1 Qa5
16.g4 Nf6 17.Bf4 Ne6 18.Nxe6 Bxe6 19.Bxd6 Bxc4 20.e5 Nd7 21.f4 f6 22.exf6 Nxf6
23.Be5 Qc5+ 24.Qf2 Qxf2+ 25.Kxf2 Re7 26.Rd4 Bf7 27.a3 Rae8 28.Re2 Bb3 29.Bf3 g5
30.Rb4 gxf4 31.Bxf4 Nd5 32.Nxd5 Rxe2+ 33.Bxe2 Bxd5 34.Bf3 Bxf3 35.Kxf3 b5
36.Be3 Kf7 37.h4 Ke6 38.Re4+ Kd7 39.Bd4 Bxd4 40.Rxd4+ Kc7 41.Re4 Rh8 42.g5 Kd6
43.Rf4 Kd5 44.h5 c5 45.h6 Rb8 46.Rf7 Rh8 47.Kg4 b4 48.Kh5 bxa3 49.bxa3 c4
50.Rxh7 Rxh7 51.g6 c3 52.g7 c2 53.g8=Q+ Kd4 54.Qg1+ Kc3 55.Qa1+ Kd2 56.Qd4+ Ke2
57.Qe4+ Kd2 58.Qd4+ Ke2 59.Qc3 Rxh6+ 60.Kxh6 Kd1 61.Qd4+ Ke2 62.Qc4+ Kd2
63.Qxa4  1-0

[Event "POL-ch"]
[Site "POL"]
[Date "1982.??.??"]
[Round "?"]
[White "Bugajski, Robert"]
[Black "Steczkowski, Kazimierz"]
[Result "1/2-1/2"]
[WhiteElo "2315"]
[BlackElo "2275"]

1.d4 Nf6 2.c4 g6 3.Nf3 Bg7 4.g3 O-O 5.Bg2 d6 6.O-O Nbd7 7.Nc3 e5 8.e4 c6
9.h3 Qb6 10.Re1 exd4 11.Nxd4 Ne8 12.Nf3 Ne5 13.Nxe5 dxe5 14.Qa4 Nc7 15.Be3 Qa6
16.Qb4 Ne6 17.c5 b6 18.Bf1 Qb7 19.cxb6 Nd4 20.Bxd4 exd4 21.Ne2 axb6 22.Nf4 Ra5
23.Rac1 Re8 24.a3 Rae5 25.Qxd4 Rb5 26.Qd6 Rxb2 27.Rxc6 Be5 28.Qd5 Bxf4 29.gxf4 Qe7
30.Qc4 Qh4 31.Qd4 Ra2 32.Rc3 Qxf4 33.Bg2 Be6 34.Qxb6 Rb8 35.Qd4 Rbb2 36.Rf3 Qb8
37.Rd1 Rb1 38.Rxb1 Qxb1+ 39.Kh2 Qb8+ 40.e5 Qc7 41.Rc3 Qa5 42.Rc5 Qe1 43.Rc8+ Kg7
44.Qb4 Kh6 45.Qf4+ Kg7 46.Qf6+ Kh6  1/2-1/2

[Event "Reykjavik op"]
[Site "Reykjavik"]
[Date "1982.??.??"]
[Round "?"]
[White "Iskov, Gert"]
[Black "Goodman, David SC"]
[Result "1-0"]
[WhiteElo "2380"]
[BlackElo "2345"]

1.c4 g6 2.d4 Bg7 3.g3 Nf6 4.Bg2 O-O 5.Nf3 d6 6.O-O Nc6 7.Nc3 Rb8 8.h3 a6
9.Qc2 Bd7 10.e4 e5 11.dxe5 dxe5 12.Be3 Qc8 13.Kh2 h6 14.Rfd1 Kh7 15.Nd5 Be6
16.a3 Ng8 17.b4 Rd8 18.Rd2 Nce7 19.Rad1 Rd7 20.Nh4 Qe8 21.f4 exf4 22.gxf4 f5
23.e5 c6 24.Nb6 Rxd2 25.Qxd2 Nc8 26.Nd7 Ra8 27.Qd3 Qf7 28.Bf1 b5 29.c5 Nge7
30.Nb6 Nxb6 31.cxb6 Nd5 32.Bg2 a5 33.bxa5 Rxa5 34.Rg1 Bf8 35.b7 Qxb7 36.Nxg6 Bxa3
37.Bd2 Ra8 38.Qg3 Rg8 39.Bf3 Bc5 40.Rg2 b4 41.Bh5 b3 42.Bc1 Bf7 43.e6 Bxe6
44.Bb2 Bd7 45.Qd3  1-0

[Event "Reykjavik op"]
[Site "Reykjavik"]
[Date "1982.??.??"]
[Round "?"]
[White "Helmers, Knut J"]
[Black "Byrne, Robert E"]
[Result "1/2-1/2"]
[WhiteElo "2430"]
[BlackElo "2515"]

1.Nf3 Nf6 2.c4 g6 3.d4 Bg7 4.g3 O-O 5.Bg2 d6 6.O-O Nc6 7.d5 Na5 8.Nfd2 c5
9.Nc3 a6 10.Rb1 Rb8 11.b3 b5 12.Bb2 e5 13.dxe6 fxe6 14.cxb5 axb5 15.Nde4 Rb6
16.b4 cxb4 17.Nxf6+ Bxf6 18.Ne4 Bxb2 19.Rxb2 d5 20.Nc5 Qd6 21.Nd3 Nc4 22.Rb3 d4
23.Rxb4 Bb7 24.a4 Bxg2 25.Kxg2  1/2-1/2

[Event "DDR-ch 31th"]
[Site "Salzwedel"]
[Date "1982.??.??"]
[Round "2"]
[White "Gauglitz, Gernot"]
[Black "Vogt, Lothar"]
[Result "1-0"]
[WhiteElo "2310"]
[BlackElo "2495"]

1.d4 Nf6 2.Nf3 g6 3.g3 Bg7 4.c4 O-O 5.Bg2 d6 6.O-O Nbd7 7.Nc3 e5 8.h3 Re8
9.e4 c6 10.Be3 exd4 11.Nxd4 a5 12.Qc2 Nc5 13.Rad1 a4 14.Nxc6 Qb6 15.Nd4 Bd7
16.Ndb5 Bxb5 17.Nxb5 Rad8 18.b4 axb3 19.axb3 Qa5 20.Nxd6 Rxd6 21.Rxd6 Ncxe4
22.Rd3 h5 23.Bd4 Nc5 24.Re3 Ne6 25.Bxf6 Bxf6 26.Bd5 Kg7 27.Bxe6 fxe6 28.Rfe1 e5
29.Rd1 Re7 30.Red3 h4 31.g4 e4 32.Rd7 Qe5 33.Rxe7+ Bxe7 34.Rd5 Qe6 35.Qd2 g5
36.Qd4+ Bf6 37.Rd7+ Kg6 38.Qd5  1-0

[Event "DDR-ch 31th"]
[Site "Salzwedel"]
[Date "1982.??.??"]
[Round "6"]
[White "Rossmann, Helmut"]
[Black "Knaak, Rainer"]
[Result "0-1"]
[WhiteElo "2305"]
[BlackElo "2495"]

1.d4 Nf6 2.Nf3 g6 3.g3 Bg7 4.Bg2 O-O 5.c4 d6 6.O-O Nbd7 7.Qc2 e5 8.Rd1 Re8
9.dxe5 dxe5 10.e4 c6 11.h3 Qe7 12.b3 Nc5 13.Nc3 Nfd7 14.Be3 a5 15.a3 Ne6
16.Na4 Ndc5 17.Nb6 Ra6 18.Nxc8 Rxc8 19.Bf1 Raa8 20.Rab1 Na6 21.Bc1 b6 22.h4 Rd8
23.Be3 c5 24.Bh3 Nd4 25.Bxd4 cxd4 26.Ra1 f5 27.Ne1 fxe4 28.Qxe4 Nc5 29.Qc6 e4
30.b4 axb4 31.axb4 Rxa1 32.Rxa1 d3 33.Rd1 e3 34.Nxd3 e2 35.Re1 Nxd3 36.Be6+ Kh8
37.Rxe2 Bd4 38.Bg4 Ne5 39.Qe6 Qf8 40.h5 Nxg4 41.Qxg4 Qxb4 42.Qh4 g5 43.Qxg5 Rf8  0-1

[Event "DDR-ch 31th"]
[Site "Salzwedel"]
[Date "1982.??.??"]
[Round "9"]
[White "Moehring, Guenther"]
[Black "Hesse, Peter"]
[Result "0-1"]
[WhiteElo "2405"]
[BlackElo "2330"]

1.Nf3 Nf6 2.c4 d6 3.d4 g6 4.g3 Bg7 5.Bg2 O-O 6.O-O Nc6 7.Nc3 e5 8.d5 Ne7
9.e4 Ne8 10.Bd2 c6 11.Rc1 cxd5 12.cxd5 Bd7 13.Qb3 b5 14.Rfe1 Qb6 15.Bg5 f6
16.Be3 Qb8 17.a3 h6 18.Bd2 Qb6 19.Be3 Qb8 20.Nh4 g5 21.Nf5 Nxf5 22.exf5 Bxf5
23.Qxb5 Qd8 24.f4 Bd7 25.Qe2 f5 26.Qd2 gxf4 27.gxf4 Qh4 28.Bf2 Qh5 29.Bg3 e4
30.Bf2 Nf6 31.h3 Qf7 32.b4 a6 33.Kh1 Kh7 34.Bf1 Qh5 35.Qd1 Be8 36.Qxh5 Bxh5
37.Bc4 Bf3+ 38.Kh2 Nh5 39.Be3 Bf6 40.Rg1 Rg8 41.Be2 Rxg1 42.Kxg1 Rg8+ 43.Kf1 Ng3+
44.Ke1 Bxc3+ 45.Rxc3 Nxe2 46.Rc7+ Rg7 47.Rc6 Rg2 48.Rc2 Kg6  0-1

[Event "DDR-ch 31th"]
[Site "Salzwedel"]
[Date "1982.??.??"]
[Round "11"]
[White "Gauglitz, Gernot"]
[Black "Uhlmann, Wolfgang"]
[Result "1/2-1/2"]
[WhiteElo "2310"]
[BlackElo "2515"]

1.d4 Nf6 2.c4 g6 3.g3 Bg7 4.Bg2 O-O 5.Nf3 d6 6.O-O Nbd7 7.Nc3 e5 8.e4 c6
9.Rb1 Re8 10.h3 a5 11.Be3 exd4 12.Nxd4 Nc5 13.Qc2 Bd7 14.Rfe1 Qe7 15.Rbd1 Nfxe4
16.Bf4 f5 17.Nb3 Qf7 18.Nxe4 Nxe4 19.Bxe4 fxe4 20.Rxd6 Bxh3 21.Nd2 Bf5 22.Qc1 Bf8
23.c5 Bxd6 24.cxd6 Rad8 25.Nc4 Bg4 26.Ne5 Qe6 27.d7 Rxd7 28.Nxd7 Qxd7 29.Qc3 Bf3
30.Bh6 a4 31.Qf6 Qe7 32.Qc3 Qe5 33.Qc4+ Qe6 34.Qd4 Qe5 35.Qc4+ Re6 36.Qxa4 g5
37.Qa8+ Kf7 38.Qxb7+ Kg6 39.Bf8 c5 40.Qc8 Qf5 41.Bxc5 Kh5 42.Qd7 h6 43.Re3 Kg6
44.Bd4 Ra6 45.Qe8+ Qf7 46.Qxf7+ Kxf7 47.a3 Rd6 48.Bc3 Rd1+ 49.Re1 Rxe1+ 50.Bxe1 Bd1
51.Bd2 Kf6 52.Kf1 h5 53.Ke1 Ba4 54.Ba5 Ke7 55.Kd2 h4 56.gxh4 gxh4 57.Ke3 Bc6
58.Bc7 Ke6 59.Kd4 Kf5 60.b3 Kg4 61.Ke3 Bd5 62.b4 Bc6 63.Bd8 h3 64.Bc7 Kf5
65.Bh2 Ba4 66.f3 exf3 67.Kxf3 Ke6 68.Ke4 Kd7 69.Kd5 Kc8 70.Kc5 Kb7 71.b5 Bxb5  1/2-1/2

[Event "Smederevska Palanka"]
[Site "Smederevska Palanka"]
[Date "1982.??.??"]
[Round "12"]
[White "Smejkal, Jan"]
[Black "Martinovic, Slobodan"]
[Result "0-1"]
[WhiteElo "2570"]
[BlackElo "2460"]

1.Nf3 Nf6 2.c4 g6 3.d4 Bg7 4.g3 O-O 5.Bg2 d6 6.Nc3 c6 7.O-O Qa5 8.e4 e5 9.h3 Be6
10.d5 cxd5 11.cxd5 Bd7 12.Be3 Rc8 13.Nd2 Na6 14.a3 Qd8 15.Rc1 Qf8 16.Qe2 Nc5
17.b4 Na4 18.Nc4 Nxc3 19.Rxc3 b5 20.Rfc1 Rxc4 21.Rxc4 bxc4 22.Qxc4 Rc8 23.Qa6 Rxc1+
24.Bxc1 Qc8 25.Qxc8+ Bxc8 26.Be3 a6 27.a4 Kf8 28.a5 Ke7 29.f3 Ne8 30.Bb6 Bh6
31.Bf1 Kd7 32.h4 Nc7 33.Bh3+ Kd8 34.Bf1 Bb7 35.b5 axb5 36.Bxb5 Kc8 37.Bf1 Bd2
38.Kh2 h5 39.Bh3+ Kb8 40.Bd7 f6 41.Bxc7+ Kxc7 42.Be8 g5 43.Bxh5 gxh4 44.gxh4 Bxa5
45.Kh3 f5 46.exf5 Bxd5 47.Kg4 Bd2 48.Be8 Kd8 49.Bb5 Ke7 50.Bd3 Kf6  0-1

[Event "Bayern-ch"]
[Site "Tirschenreuth"]
[Date "1982.??.??"]
[Round "?"]
[White "Keller, Manfred"]
[Black "Scheipl, Ralf"]
[Result "1/2-1/2"]
[WhiteElo "2240"]
[BlackElo "2295"]

1.d4 Nf6 2.Nf3 g6 3.c4 Bg7 4.g3 O-O 5.Bg2 d6 6.O-O Nc6 7.Nc3 Bg4 8.d5 Na5
9.Nd2 c5 10.h3 Bd7 11.Qc2 e5 12.a3 Rc8 13.e3 a6 14.b3 b5 15.Bb2 Qb6 16.Rfb1 h6
17.Ne2 Nh7 18.Kh2 f5 19.f4 Rce8 20.Bc3 exf4 21.Nxf4 Rxe3 22.Bxg7 Kxg7 23.Re1 Ree8
24.Nf3 Nf6 25.Qc3 Kf7 26.Ne6 Bxe6 27.dxe6+  1/2-1/2

[Event "Reti mem"]
[Site "Trnava"]
[Date "1982.??.??"]
[Round "6"]
[White "Plachetka, Jan"]
[Black "Barczay, Laszlo"]
[Result "1/2-1/2"]
[WhiteElo "2435"]
[BlackElo "2445"]

1.d4 Nf6 2.Nf3 g6 3.g3 Bg7 4.Bg2 O-O 5.c4 d6 6.O-O Nbd7 7.Qc2 e5 8.Rd1 Qe7
9.dxe5 dxe5 10.e4 Nc5 11.Nc3 c6 12.h3 Re8 13.Be3 a5 14.b3 Nh5 15.Bxc5 Qxc5
16.Na4 Qe7 17.c5 Bf8 18.Nd2 Be6 19.Bf1 Ng7 20.Nc4 Bxc4 21.Bxc4 Ne6 22.Bxe6 Qxe6
23.Kg2 Rad8 24.Qc3 Rd4 25.Qxa5 Rxe4 26.Qc3 Rd4 27.Rxd4 exd4 28.Qf3 Rd8 29.Rd1 Rd5
30.g4 h5 31.Rd2 hxg4 32.hxg4 d3 33.Rxd3 Rxd3 34.Qxd3 Qxg4+ 35.Kf1 Bg7 36.Nc3 Bxc3
37.Qxc3  1/2-1/2